00418nam a2200133 a 450000100100000000500170001000800410002704000250006808200140009311000430010724500240015026000680017430000420024200003021920200930060137.0110504s1993 dr acd 000 0 spa d aDO-SdBNPbspacBNPHU axxxbF9811 aFundación de Desarrollo Agropecuario 0aInforme anual 1993. aSanto Domingo :bFundación de Desarrollo Agropecuario,c1993. a47 p. :bil., retrs., diag. ;c28 cm.